000 00741nam a2200253Ia 4500
003 OSt
005 20220928125011.0
006 a|||||r|||| 00| 0
007 ta
008 220927b |||||||| |||| 00| 0 eng d
020 _c4988.1899999999996
024 _a126105
037 _b268, 06/02/2015, Classic Book Service
_cTextual
040 _aSDCL
_cSDCL
_beng
041 _2eng
_aeng
082 _aX:8:(R4), Q4
100 _aGupta Anand Das
_9467504
245 0 _aBusiness ethics
260 _aNew Delhi
_bSpringer
_c2014
300 _axvi;200p.
_ccm.
650 _aBusiness Economics
_9391653
942 _hX:8:(R4), Q4
_cTEXL
_2CC
999 _c780362
_d780362